| 000 | 00796nam a2200253 a 4500 | ||
|---|---|---|---|
| 001 | 18480 | ||
| 003 | BD-RjUL | ||
| 005 | 20240130113356.0 | ||
| 008 | 140220s19631938enk 000 1 eng | ||
| 035 | _a(BD-RjUL)18538 | ||
| 040 |
_aDLC _cOYU _dOCoLC _dDLC _dBD-RjUL _beng |
||
| 041 | _aeng | ||
| 082 |
_a823.8 _bTRC 1963 |
||
| 100 | 1 |
_aTrollope, Anthony, _d1815-1882. _956940 |
|
| 245 | 1 | 0 |
_aCan you forgive her? / _cBy Anthony Trollope. |
| 260 |
_aLondon : _bOxford University Press, H. Milford, _c1938, [reprinted1953,1963] |
||
| 300 |
_a511 p. ; _c16 cm. |
||
| 490 | 0 | _aThe world's classics. 468-469 | |
| 500 | _a"In 'The world's classics' ... first published in 1938." | ||
| 650 | _aEnglish fiction | ||
| 650 |
_aMan-woman relationships _95240 |
||
| 942 |
_2ddc _cBK |
||
| 999 |
_c18480 _d18480 |
||